| 000 | 00749nam a2200241 a 4500 | ||
|---|---|---|---|
| 001 | BRL_1446 | ||
| 005 | 20190320211217.0 | ||
| 008 | 150114s1990----mx-o######---#000-0#eng-# | ||
| 020 | _a9686387005 | ||
| 041 |
_aeng _hspa |
||
| 044 | _amx | ||
| 050 | 4 |
_aF1219.3.M4 _b.M49 1990 |
|
| 245 | 1 | 0 |
_aMexico through its masks = México a través de sus máscaras _cRafael Coronel Arroyo Collection. |
| 260 |
_aMéxico _bEnvidia _c1990 |
||
| 300 |
_a84 p. _bil., fotografías (a color) _c29 cm. |
||
| 500 | _aAu1735 | ||
| 504 | _aBibliografía: p. 84 | ||
| 600 | 1 | 4 |
_aCoronel Arroyo, Rafael _vColeccionistas y colecciones _926947 |
| 650 | 1 | 4 |
_aMáscaras _zMéxico _94284 |
| 740 | 0 | _aMéxico a través de sus máscaras | |
| 902 | _aGRL | ||
| 942 |
_2lcc _cB |
||
| 999 |
_c10256 _d10256 |
||